Statistics for FIFA 20 Top 10 Goalkeepers

Click here to take the quiz!

General Stats

  • This quiz has been taken 56 times
  • The average score is 9 of 10

Answer Stats

RankPlayerOVA% Correct
8Manuel Neuer88
96%
3Alisson89
92%
2Marc-André ter Stegen90
92%
6Thibaut Courtois88
90%
4David De Gea89
88%
1Jan Oblak91
88%
5Ederson88
86%
10Keylor Navas87
82%
7Hugo Lloris88
80%
9Samir Handanovic88
65%

Score Distribution

Percentile by Number Answered

Percent of People with Each Score

Your Score History

You have not taken this quiz